| 000 | 00792nam a22002537a 4500 | ||
|---|---|---|---|
| 005 | 20170123162347.0 | ||
| 010 | _a313180 | ||
| 020 | _c00.00 | ||
| 035 | _a313180 | ||
| 037 | _bCen Lib/Ret | ||
| 040 |
_aDPL _bUR |
||
| 082 |
_a841 _2ت ا ب |
||
| 100 |
_aدہلوی ، تابش _9107874 |
||
| 245 |
_aنیم و ز: _cتابش دہلوی _bاجمو غزلیات / |
||
| 246 |
_aNeeemwar: majmua-e ghazalyaat/ _bby Tabish Dehalwee |
||
| 260 |
_aلاہور _bاردو مرکز _c1963 |
||
| 270 |
_aگنپت رود _bلاہور |
||
| 300 |
_a200p. _c20cm(pbk) |
||
| 650 |
_aاردو ادب _9133529 |
||
| 650 |
_aاردو غزل _9133530 |
||
| 650 |
_aUrdu Literature _9133531 |
||
| 650 |
_aUrdu -- Poetry _9133532 |
||
| 942 |
_2ddc _cUR _h841 _mت ا ب |
||
| 999 |
_c108953 _d108953 |
||